Elogio del sabio benedictino Fr. Benito Jerónimo Feijoó (Record no. 158403)

MARC details
000 -LEADER
campo de control de longitud fija 00930nam a2200217 i 4500
001 - NÚMERO DE CONTROL
campo de control 158403
003 - IDENTIFICADOR DE NÚMERO DE CONTROL
campo de control ES-MaACL
005 - FECHA Y HORA DE LA ÚLTIMA TRANSACCIÓN
campo de control 20250723052154.0
008 - DATOS DE LONGITUD FIJA--INFORMACIÓN GENERAL
campo de control de longitud fija 950111s1887 sp |||| | spa d
040 ## - FUENTE DE CATALOGACIÓN
Centro catalogador/agencia de origen PAB
Lengua de catalogación spa
100 1# - ENTRADA PRINCIPAL--NOMBRE DE PERSONA
Nombre de persona Macías y García, Marcelo.
9 (RLIN) 75226
245 10 - MENCIÓN DEL TÍTULO
Título Elogio del sabio benedictino Fr. Benito Jerónimo Feijoó
Resto del título : pronunciado... en la S.I. Catedral de Orense el 9 de Septiembre de 1887... /
Mención de responsabilidad, etc. por Marcelo Macías y Garcia ; [con un prólogo de Juan Francisco Miguelez].
260 ## - PUBLICACIÓN, DISTRIBUCIÓN, ETC.
Lugar de publicación, distribución, etc. La Coruña :
Nombre del editor, distribuidor, etc. Andrés Martinez,
Fecha de publicación, distribución, etc. 1887 (
Fabricante José Miguez Peinó y hermano, impresores)
300 ## - DESCRIPCIÓN FÍSICA
Extensión LXLI [i.e. XCI], 63 p., [1] h. de lám. ;
Dimensiones 20 cm.
490 1# - MENCIÓN DE SERIE
Mención de serie Biblioteca gallega
597 ## - NOTA DE DESCRIPCIÓN FÍSICA
NOTA DE DESCRIPCIÓN FÍSICA La h. de lám. es retrato del autor.
600 14 - PUNTO DE ACCESO ADICIONAL DE MATERIA--NOMBRE DE PERSONA
Nombre de persona Feijoo, Benito Jerónimo,
Fechas asociadas al nombre 1676-1764
9 (RLIN) 49105
830 0# - PUNTO DE ACCESO ADICIONAL DE SERIE-TÍTULO UNIFORME
Título uniforme Biblioteca gallega
9 (RLIN) 180864
852 ## - LOCALIZACIÓN
Ubicación ES-MaACL
Número de control de estantería G-9201
Nota libre -- Enc. pasta
Holdings
Estatus retirado Estado de pérdida Estado de daño No para préstamo Colección Biblioteca de origen Biblioteca actual Ubicación en estantería Fecha de adquisición Fuente de adquisición Total de préstamos Signatura topográfica completa Código de barras Visto por última vez Precio de reemplazo Tipo de ítem Koha
        Libros del s. XIX Biblioteca del Ateneo de Madrid Biblioteca del Ateneo de Madrid Sala Pecera Planta 3 17/01/2008     G-9201 1165788 23/02/2023 23/02/2023 Libro impreso antiguo